| 000 | 00651nam a22002177a 4500 | ||
|---|---|---|---|
| 003 | OSt | ||
| 005 | 20150116162857.0 | ||
| 008 | 150116b xxu||||| |||| 00| 0 eng d | ||
| 020 | _a0632011688 | ||
| 040 | _cDNLM | ||
| 082 | _aWC 100 M312l 1984 | ||
| 100 |
_aMandal Bibhat K, _92474 |
||
| 245 |
_aLecture notes on the infectious diseases / _cBibhat K. Mandal, Richard T Mayon-White. |
||
| 250 | _a4th ed. | ||
| 260 |
_aLondon : _bBlackwell Scientific Publications; _c1984. |
||
| 300 |
_aviii, 272 p : _bill; _c27 cm. |
||
| 504 | _aIncludes index. | ||
| 650 |
_aInfectious disease. _92475 |
||
| 700 |
_aMayon-White Richard T. _92476 |
||
| 942 |
_2z _cSLOAN |
||
| 999 |
_c922 _d922 |
||